000 00540nam a2200217Ia 4500
003 OSt
005 20220928144837.0
006 a|||||r|||| 00| 0
007 ta
008 220927b |||||||| |||| 00| 0 eng d
024 _a76354
037 _cTextual
040 _aSDCL
_cSDCL
_beng
041 _2eng
_aeng
082 _aY:1.2, J8
100 _aDe Bary Theodore Ed.
_9509896
245 0 _aSources of Indian tradion.
260 _c1958
942 _hY:1.2, J8
_cTEXL
_2CC
999 _c829900
_d829900